=LDR 00000nam 2200000 4500 =001 INLIS000000000028063 =005 20130612130408 =008 ***********************************ind** =035 ##$$0010-061300000028063 =041 ##$$a ind =082 ##$$a 696.2 =090 ##$$a 696.2, WID b =100 ##$$a Widharto, Sri =245 ##$$a Buku pedoman ahli pemasangan pipa, oleh Sri Widharto =260 ##$$a 2005 $b Jakarta =300 ##$$a vii, 231 hlm., 21 cm =650 ##$$a Pipa =650 ##$$a Pemasangan =850 ##$$a NBPNMAT